| 000 | 00823nam a2200253 i 4500 | ||
|---|---|---|---|
| 003 | DO-SdBNP | ||
| 005 | 20240409152153.0 | ||
| 007 | ta | ||
| 008 | 240409s2017 dr a 000 j spa d | ||
| 040 |
_aDO-SdBNP _bspa _cBNPHU _erda |
||
| 082 |
_bG216 _222 |
||
| 100 |
_aGarcía Martínez, Ricardo _eautor _985171 |
||
| 245 | 1 | 0 |
_aManual de prácticas de endocrinología / _cRicardo García Martínez : colaborador Americo A. Bordas C. |
| 250 | _a3a. edición | ||
| 264 | 1 |
_aSanto Domingo : _bEclipse, _c2017. |
|
| 300 |
_a24 páginas, _bilustraciones _c28 cm. |
||
| 336 |
_2rdacontent _atexto _btxt |
||
| 337 |
_2rdamedia _asin mediación _bn |
||
| 338 |
_2rdacarrier _avolumen _bnc |
||
| 590 | _aInventariado, 2024/ YL | ||
| 700 | 1 |
_aBordas C., Américo A. _ecolaborador _985109 |
|
| 910 | _aYLockward | ||
| 942 |
_2ddc _cLF2 |
||
| 999 |
_c56313 _d56313 |
||